Portugal, the new state, in theory and in practice. (Record no. 52755)
[ view plain ]
| 000 -LEADER | |
|---|---|
| fixed length control field | 00848cam a22002291 4500 |
| 001 - CONTROL NUMBER | |
| control field | s 40000043 |
| 003 - CONTROL NUMBER IDENTIFIER | |
| control field | DLC |
| 005 - DATE AND TIME OF LATEST TRANSACTION | |
| control field | 20260227111912.0 |
| 008 - FIXED-LENGTH DATA ELEMENTS--GENERAL INFORMATION | |
| fixed length control field | 880316s1939 po 000 0 por c |
| 010 ## - LIBRARY OF CONGRESS CONTROL NUMBER | |
| LC control number | s 40000043 |
| 035 ## - SYSTEM CONTROL NUMBER | |
| System control number | (OCoLC)17637741 |
| 040 ## - CATALOGING SOURCE | |
| Original cataloging agency | Smithsonian Institution |
| Transcribing agency | CoU |
| Modifying agency | CoU |
| -- | DLC |
| 041 1# - LANGUAGE CODE | |
| Language code of text/sound track or separate title | eng |
| Language code of original | por |
| 042 ## - AUTHENTICATION CODE | |
| Authentication code | premarc |
| 050 00 - LIBRARY OF CONGRESS CALL NUMBER | |
| Classification number | JN8502 1939 |
| Item number | .A5 |
| 110 1# - MAIN ENTRY--CORPORATE NAME | |
| Corporate name or jurisdiction name as entry element | Portugal. |
| Subordinate unit | Secretariado da Propaganda Nacional |
| 245 10 - TITLE STATEMENT | |
| Title | Portugal, the new state, in theory and in practice. |
| Remainder of title | New York World's fair, 1939. |
| 260 ## - PUBLICATION, DISTRIBUTION, ETC. | |
| Place of publication, distribution, etc. | [Lisbon, Portugal, |
| Name of publisher, distributor, etc. | Printed in "Editorial Império, limitada," |
| Date of publication, distribution, etc. | 1939] |
| 300 ## - PHYSICAL DESCRIPTION | |
| Extent | 2 p. l., 7-68, [1] p., 1 l. |
| Dimensions | 21 cm. |
| 500 ## - GENERAL NOTE | |
| General note | A completely revised translation of O estado novo, principios o realizações, issued in 1937. |
| 651 #0 - SUBJECT ADDED ENTRY--GEOGRAPHIC NAME | |
| Geographic name | Portugal |
| General subdivision | Politics and government |
| Chronological subdivision | 1933-1974. |
No items available.